[Event "Moscow Aeroflot op-A"]
[Site "Moscow"]
[Date "2025.03.02"]
[Round "2"]
[White "Khayrullin, Denis"]
[Black "Artemiev, Vladislav"]
[Result "0-1"]
[WhiteElo "2399"]
[BlackElo "2688"]
[PlyCount "140"]
[EventDate "2025.03.01"]
[EventType "swiss"]
[EventRounds "9"]
[EventCountry "RUS"]
[SourceTitle "CB11_2025"]
[SourceDate "2025.03.12"]
[SourceVersion "1"]
[SourceVersionDate "2025.03.12"]
[SourceQuality "1"]

1. e4 c5 2. Nf3 d6 3. d4 cxd4 4. Nxd4 Nf6 5. Nc3 a6 6. Be2 g6 7. Be3 Bg7 8. Qd2 Nc6 9. 0-0-0 Ng4 10. Bxg4 Bxg4 11. f3 Be6 12. Nxe6 fxe6 13. Ne2 Qa5 14. Qxa5 Nxa5 15. b3 Nc6 16. h4 Rc8 17. Kb1 Kf7 18. h5 Bf6 19. hxg6+ hxg6 20. Nf4 Bg5 21. Bc1 b5 22. Rxh8 Rxh8 23. Nh3 Bxc1 24. Rxc1 Ne5 25. Rh1 Kf6 26. Kc1 g5 27. Nf2 Rxh1+ 28. Nxh1 Ng6 29. Nf2 Nf4 30. Ng4+ Kg6 31. Ne3 Kh5 32. Kd2 Kh4 33. Ke1 Kg3 34. Kf1 b4 35. Kg1 Ne2+ 36. Kf1 Nc3 37. Kg1 Nxa2 38. Nf1+ Kf4 39. Kf2 Nc3 40. g3+ Ke5 41. Ke3 d5 42. Nd2 Nd1+ 43. Ke2 Nc3+ 44. Ke3 Kd6 45. Nf1 Nd1+ 46. Kd2 Nc3 47. Ke3 a5 48. Nd2 Kc5 49. Kd3 Nb5 50. f4 g4 51. e5 Nd4 52. Nf1 Nf5 53. Nh2 Nh6 54. Ke3 Nf5+ 55. Kd3 Nxg3 56. Nxg4 Nh5 57. Ke3 d4+ 58. Ke4 Ng3+ 59. Kf3 d3 60. cxd3 Nf5 61. Ke4 Nd4 62. Ne3 Nxb3 63. f5 exf5+ 64. Nxf5 a4 65. d4+ Nxd4 66. Nxd4 Kc4 67. Nc2 a3 68. Ne3+ Kc5 69. Nc2 a2 70. Kd3 b3 0-1

[Event "Moscow Aeroflot op-A"]
[Site "Moscow"]
[Date "2025.03.02"]
[Round "3"]
[White "Pashikyan, Rudolf"]
[Black "Khayrullin, Denis"]
[Result "1-0"]
[WhiteElo "2335"]
[BlackElo "2399"]
[PlyCount "121"]
[EventDate "2025.03.01"]
[EventType "swiss"]
[EventRounds "9"]
[EventCountry "RUS"]
[SourceTitle "CB11_2025"]
[SourceDate "2025.03.12"]
[SourceVersion "1"]
[SourceVersionDate "2025.03.12"]
[SourceQuality "1"]

1. d4 Nf6 2. c4 e6 3. Nc3 d5 4. cxd5 exd5 5. Bg5 c6 6. e3 Bd6 7. Bd3 0-0 8. Nf3 h6 9. Bh4 Be6 10. Ne5 c5 11. 0-0 Nc6 12. Nxc6 bxc6 13. dxc5 Bxc5 14. Rc1 Bd6 15. Na4 Rc8 16. Ba6 Rc7 17. Nc5 Qe7 18. b4 Bf5 19. a3 Re8 20. Qf3 Bh7 21. Bg3 g5 22. Rfd1 Bg6 23. Bxd6 Qxd6 24. Qg3 Qe7 25. Rd4 Nh5 26. Qf3 Ng7 27. Bd3 f5 28. Qd1 Qf6 29. h3 Bf7 30. Bf1 Rce7 31. b5 f4 32. e4 Rd8 33. bxc6 Qxc6 34. Na6 Qb6 35. exd5 Nf5 36. Rd2 Ne3 37. Qe2 Nxf1 38. Qxf1 Rxd5 39. Rc8+ Kg7 40. Rxd5 Bxd5 41. Nb4 Bf7 42. Nc6 Re8 43. Qa1+ Kg8 44. Ne7+ Kf8 45. Nf5 Qg6 46. Qh8+ Bg8 47. Rxe8+ Kxe8 48. Nxh6 Kf8 49. Qxg8+ Qxg8 50. Nxg8 Kxg8 51. Kf1 Kf7 52. Ke2 Ke6 53. Kf3 Kf5 54. a4 a5 55. g3 fxg3 56. Kxg3 Kf6 57. Kg4 Kg6 58. f3 Kf6 59. f4 gxf4 60. Kxf4 Kg6 61. Ke5 1-0

[Event "Titled Tuesday intern op 03rd Sep Early"]
[Site "Chess.com INT"]
[Date "2024.09.03"]
[Round "11"]
[White "Khayrullin, Denis"]
[Black "Pavlov, Nikolay1"]
[Result "0-1"]
[WhiteElo "2399"]
[BlackElo "2316"]
[PlyCount "102"]
[EventDate "2024.09.03"]
[EventType "swiss (blitz)"]
[EventRounds "11"]
[EventCountry "USA"]
[SourceTitle "EXT 2025"]
[Source "ChessBase"]
[SourceDate "2024.10.14"]
[SourceVersion "1"]
[SourceVersionDate "2024.10.14"]
[SourceQuality "1"]

1. e4 c6 2. d4 d5 3. e5 c5 4. dxc5 e6 5. Bd3 Bxc5 6. Qg4 Ne7 7. b4 h5 8. Qf4 Bb6 9. Nf3 Nbc6 10. b5 Na5 11. 0-0 Qc7 12. Ba3 Nc4 13. Bd6 Nxd6 14. exd6 Qb8 15. Qg3 h4 16. Qxg7 Rg8 17. Qf6 Qxd6 18. Qxh4 Bd7 19. Re1 0-0-0 20. a4 Ng6 21. Bxg6 Rxg6 22. Nbd2 Rdg8 23. g3 Qc5 24. Re2 Qc3 25. Rb1 f6 26. Ne1 e5 27. Rb3 Qc5 28. c4 Kb8 29. cxd5 Qxd5 30. Rd3 Qe6 31. Ng2 Qf5 32. Qe4 Qe6 33. Nh4 Rg4 34. Qh7 Bc8 35. Ng2 R8g7 36. Qh8 Rg8 37. Qh6 R4g7 38. Ne4 Rg6 39. Qd2 f5 40. Rd6 Qe7 41. Rxg6 Rxg6 42. Nc3 Qc5 43. Nd5 Rd6 44. Nge3 f4 45. gxf4 exf4 46. Qa2 fxe3 47. Nxe3 Rg6+ 48. Kf1 Qc1+ 49. Re1 Qc5 50. Qb1 Rd6 51. Qe4 Rd4 0-1

[Event "Titled Tuesday intern op 03rd Sep Early"]
[Site "Chess.com INT"]
[Date "2024.09.03"]
[Round "1"]
[White "Khayrullin, Denis"]
[Black "Shuvalov, Evgenij"]
[Result "1-0"]
[WhiteElo "2399"]
[BlackElo "1993"]
[PlyCount "133"]
[EventDate "2024.09.03"]
[EventType "swiss (blitz)"]
[EventRounds "11"]
[EventCountry "USA"]
[SourceTitle "EXT 2025"]
[Source "ChessBase"]
[SourceDate "2024.10.14"]
[SourceVersion "1"]
[SourceVersionDate "2024.10.14"]
[SourceQuality "1"]

1. e4 e6 2. d4 d5 3. Nd2 c5 4. exd5 exd5 5. Ngf3 Nc6 6. Bb5 Qe7+ 7. Qe2 Qxe2+ 8. Kxe2 a6 9. Bxc6+ bxc6 10. dxc5 Bxc5 11. Nb3 Bd6 12. Be3 Nf6 13. Bc5 Kd7 14. Rhe1 Rb8 15. Bd4 a5 16. Ne5+ Kc7 17. Nxf7 Re8+ 18. Kf1 Ba6+ 19. Kg1 a4 20. Nxd6 Rxe1+ 21. Rxe1 axb3 22. axb3 Kd7 23. Nf5 Re8 24. Rxe8 Nxe8 25. Bxg7 Ke6 26. g4 Be2 27. Nd4+ Kf7 28. Nxe2 Nxg7 29. Kg2 Ne6 30. f4 Nc5 31. Nd4 Ne4 32. Nxc6 Ke6 33. Nd4+ Kd6 34. g5 Kc5 35. Nf3 d4 36. h4 Kd5 37. h5 Nd6 38. Kg3 Ke4 39. h6 Nf5+ 40. Kf2 Kxf4 41. g6 Nxh6 42. gxh7 Nf7 43. Nxd4 Ke5 44. Nf3+ Kf6 45. b4 Kg7 46. b5 Nd6 47. b6 Kxh7 48. c4 Kg7 49. c5 Ne4+ 50. Ke3 Nxc5 51. b4 Nb7 52. Kd4 Kf6 53. Kd5 Ke7 54. Kc6 Nd8+ 55. Kc7 Ne6+ 56. Kc8 Nd8 57. b7 Nc6 58. b8Q Nxb8 59. Kxb8 Kd6 60. Kb7 Kd5 61. Ka6 Kc4 62. b5 Kc5 63. b6 Kc6 64. Ka7 Kd5 65. b7 Ke4 66. b8Q Kxf3 67. Qb6 1-0

[Event "Titled Tuesday intern op 03rd Sep Early"]
[Site "Chess.com INT"]
[Date "2024.09.03"]
[Round "8"]
[White "Khayrullin, Denis"]
[Black "Vargas Pereda, Jesus Manuel"]
[Result "0-1"]
[WhiteElo "2399"]
[BlackElo "1930"]
[PlyCount "108"]
[EventDate "2024.09.03"]
[EventType "swiss (blitz)"]
[EventRounds "11"]
[EventCountry "USA"]
[SourceTitle "EXT 2025"]
[Source "ChessBase"]
[SourceDate "2024.10.14"]
[SourceVersion "1"]
[SourceVersionDate "2024.10.14"]
[SourceQuality "1"]

1. e4 c5 2. Nf3 Nc6 3. Bb5 e6 4. Bxc6 dxc6 5. 0-0 Nf6 6. Re1 Nd7 7. b3 Be7 8. Bb2 0-0 9. d3 Qc7 10. Nbd2 e5 11. Nc4 f6 12. Ne3 Rd8 13. Nh4 Nf8 14. Nhf5 Ne6 15. Kh1 Bf8 16. Ng4 Nd4 17. Nge3 g6 18. Ng3 h5 19. c3 Ne6 20. Qc2 Nf4 21. Rad1 h4 22. Ne2 h3 23. g3 Nxe2 24. Qxe2 Bh6 25. Rf1 Bg7 26. f4 Be6 27. f5 Bf7 28. Qg4 g5 29. Qxh3 Kf8 30. Qg2 Ke7 31. Qf2 Rh8 32. Ng4 Bh5 33. Qxc5+ Qd6 34. Qxd6+ Kxd6 35. Ne3 Bxd1 36. Rxd1 b5 37. Ba3+ Kc7 38. d4 Rhd8 39. d5 Bf8 40. Bb2 Bc5 41. Ng4 b4 42. cxb4 Bxb4 43. Nxf6 Kb6 44. Bxe5 cxd5 45. Nxd5+ Kb5 46. Rc1 Bc5 47. Nc7+ Kc6 48. Nxa8 Rd2 49. Nc7 Kb6 50. Nd5+ Kc6 51. Nb4+ Kb5 52. Nd5 Be3 53. Nxe3 Re2 54. Nc4 Rxe4 0-1

[Event "Abu Dhabi op-A 30th"]
[Site "Abu Dhabi"]
[Date "2024.08.16"]
[Round "2"]
[White "Khayrullin, Denis"]
[Black "Erdogmus, Yagiz Kaan"]
[Result "0-1"]
[WhiteElo "2377"]
[BlackElo "2599"]
[PlyCount "76"]
[EventDate "2024.08.15"]
[EventType "swiss"]
[EventRounds "9"]
[EventCountry "UAE"]
[SourceTitle "EXT 2025"]
[Source "ChessBase"]
[SourceDate "2024.10.14"]
[SourceVersion "1"]
[SourceVersionDate "2024.10.14"]
[SourceQuality "1"]

1. Nf3 d5 2. c4 e6 3. g3 Nf6 4. Bg2 Be7 5. 0-0 0-0 6. d4 c6 7. Qc2 b6 8. Nbd2 Ba6 9. b3 Nbd7 10. e4 Rc8 11. e5 Ne8 12. Rd1 c5 13. dxc5 Bxc5 14. Qd3 f6 15. exf6 Nexf6 16. Bb2 e5 17. Qe2 Ng4 18. Rf1 Qe7 19. Nd4 Ndf6 20. Nf5 Qd7 21. Ne3 Nxe3 22. fxe3 Ng4 23. Bh3 h5 24. Rxf8+ Rxf8 25. Rf1 Rxf1+ 26. Nxf1 dxc4 27. Bxe5 Qd5 28. Bc3 cxb3 29. Qxa6 Nxe3 30. Nxe3 Bxe3+ 31. Kf1 Qf3+ 32. Ke1 Qf2+ 33. Kd1 Qc2+ 34. Ke1 Qxc3+ 35. Ke2 b2 36. Be6+ Kf8 37. Bc4 Qd2+ 38. Kf3 Qf2+ 0-1

[Event "Abu Dhabi op-A 30th"]
[Site "Abu Dhabi"]
[Date "2024.08.15"]
[Round "1"]
[White "Paravyan, David"]
[Black "Khayrullin, Denis"]
[Result "1/2-1/2"]
[WhiteElo "2600"]
[BlackElo "2377"]
[PlyCount "128"]
[EventDate "2024.08.15"]
[EventType "swiss"]
[EventRounds "9"]
[EventCountry "UAE"]
[SourceTitle "EXT 2025"]
[Source "ChessBase"]
[SourceDate "2024.10.14"]
[SourceVersion "1"]
[SourceVersionDate "2024.10.14"]
[SourceQuality "1"]

1. e4 c5 2. Nf3 g6 3. d4 cxd4 4. Nxd4 Nf6 5. Nc3 d6 6. Be3 Bg7 7. f3 a6 8. Qd2 h5 9. Bd3 Nbd7 10. h3 Qc7 11. 0-0 0-0 12. f4 e5 13. Nde2 b5 14. fxe5 dxe5 15. Bh6 Bb7 16. Ng3 h4 17. Bxg7 Kxg7 18. Rxf6 Kxf6 19. Rf1+ Ke7 20. Qg5+ Kd6 21. Qxh4 Qc5+ 22. Kh2 Kc7 23. Qg5 Rae8 24. a4 b4 25. Nd5+ Kb8 26. c3 bxc3 27. bxc3 Ka7 28. c4 Bc6 29. Be2 Bxa4 30. Ra1 Bc6 31. Nc7 Bb7 32. Nxe8 Rxe8 33. Qd2 Qd4 34. Qa5 Qb6 35. Qa3 Nc5 36. Rf1 Re7 37. Rb1 Qd6 38. Rd1 Qb6 39. Rb1 Qd6 40. Qa5 Qc7 41. Qb4 Rd7 42. Bf3 f5 43. Ra1 fxe4 44. Bg4 Rd3 45. Ra5 Nb3 46. Ra3 Nc5 47. Ra5 Nb3 48. Ra3 Nd4 49. Ra2 e3 50. Rb2 Qc6 51. Ne4 Rd2 52. Rxd2 exd2 53. c5 Nb5 54. Qa5 d1Q 55. Bxd1 Qxe4 56. Qb6+ Kb8 57. Bf3 Qf4+ 58. Kh1 Qc1+ 59. Kh2 Qf4+ 60. Kh1 e4 61. Qd8+ Ka7 62. Qb6+ Kb8 63. Qd8+ Ka7 64. Qb6+ Kb8 1/2-1/2

[Event "Titled Tuesday intern op 30th Jul Late"]
[Site "Chess.com INT"]
[Date "2024.07.30"]
[Round "3"]
[White "Khayrullin, Denis"]
[Black "Da Silva, Erick Feitosa"]
[Result "1-0"]
[WhiteElo "2359"]
[BlackElo "2052"]
[PlyCount "37"]
[EventDate "2024.07.30"]
[EventType "swiss (blitz)"]
[EventRounds "11"]
[EventCountry "USA"]
[SourceTitle "EXT 2025"]
[Source "ChessBase"]
[SourceDate "2024.10.14"]
[SourceVersion "1"]
[SourceVersionDate "2024.10.14"]
[SourceQuality "1"]

1. e4 e6 2. d4 d5 3. Nd2 Nf6 4. e5 Nfd7 5. c3 c5 6. f4 cxd4 7. cxd4 Nc6 8. Ndf3 Qb6 9. a3 Be7 10. b4 0-0 11. h4 Qc7 12. Be3 Nb6 13. Rc1 Qd7 14. Bd3 a5 15. Bxh7+ Kxh7 16. Ng5+ Kg6 17. h5+ Kh6 18. Qd3 g6 19. Nxf7+ 1-0

[Event "Titled Tuesday intern op 30th Jul Late"]
[Site "Chess.com INT"]
[Date "2024.07.30"]
[Round "10"]
[White "Khayrullin, Denis"]
[Black "Prydun, Andriy"]
[Result "0-1"]
[WhiteElo "2359"]
[BlackElo "2162"]
[PlyCount "102"]
[EventDate "2024.07.30"]
[EventType "swiss (blitz)"]
[EventRounds "11"]
[EventCountry "USA"]
[SourceTitle "EXT 2025"]
[Source "ChessBase"]
[SourceDate "2024.10.14"]
[SourceVersion "1"]
[SourceVersionDate "2024.10.14"]
[SourceQuality "1"]

1. e4 c6 2. d4 d5 3. e5 Bf5 4. h4 h5 5. Bd3 Bxd3 6. Qxd3 Qa5+ 7. Nd2 Qb5 8. c4 dxc4 9. Nxc4 e6 10. Nf3 Nd7 11. 0-0 Nb6 12. b3 Rd8 13. Bg5 Rd7 14. Qc2 Qd5 15. Rad1 Nh6 16. Nfd2 Nf5 17. Nf3 Be7 18. Bxe7 Nxe7 19. Nd6+ Kf8 20. Ng5 Nec8 21. Nge4 Rh6 22. a4 Rg6 23. f4 f5 24. Nc3 Qa5 25. Nxc8 Nxc8 26. Rf3 Nb6 27. Rdd3 Nd5 28. Na2 Qe1+ 29. Rf1 Qxh4 30. Qd2 Qg4 31. Nc1 h4 32. Kh2 Nb4 33. Qxb4+ Kf7 34. Qd2 c5 35. Qe2 Rxd4 36. Rxd4 cxd4 37. Qxg4 fxg4 38. Rd1 Rh6 39. Rxd4 Kg6 40. Ne2 Kf5 41. Rc4 Rh8 42. Kg1 Rd8 43. Nd4+ Kg6 44. Nxe6 Rd1+ 45. Kf2 Rd2+ 46. Kf1 h3 47. gxh3 gxh3 48. Rc3 h2 49. Rh3 Kf5 50. Nxg7+ Kg4 51. e6 Kxh3 0-1

[Event "Titled Tuesday intern op 30th Jul Early"]
[Site "Chess.com INT"]
[Date "2024.07.30"]
[Round "6"]
[White "Radzimski, Antoni"]
[Black "Khayrullin, Denis"]
[Result "1-0"]
[WhiteElo "2038"]
[BlackElo "2359"]
[PlyCount "51"]
[EventDate "2024.07.30"]
[EventType "swiss (blitz)"]
[EventRounds "11"]
[EventCountry "USA"]
[SourceTitle "EXT 2025"]
[Source "ChessBase"]
[SourceDate "2024.10.14"]
[SourceVersion "1"]
[SourceVersionDate "2024.10.14"]
[SourceQuality "1"]

1. e4 c5 2. Nf3 d6 3. d4 cxd4 4. Nxd4 Nf6 5. Nc3 a6 6. h4 e5 7. Nb3 b5 8. a4 b4 9. Nd5 Bb7 10. Nxf6+ Qxf6 11. Bg5 Qg6 12. f3 h6 13. Be3 Nc6 14. Qd2 Qe6 15. g4 Be7 16. 0-0-0 Rc8 17. Kb1 0-0 18. g5 h5 19. Bh3 Qc4 20. Bxc8 Rxc8 21. Qd5 Qe2 22. Qd3 Qxf3 23. Rdf1 Qg4 24. Rf2 Nd4 25. Nd2 Nxc2 26. Rhf1 1-0

[Event "Titled Tuesday intern op 30th Jul Early"]
[Site "Chess.com INT"]
[Date "2024.07.30"]
[Round "10"]
[White "Solovjov, Alexandr"]
[Black "Khayrullin, Denis"]
[Result "1-0"]
[WhiteElo "2237"]
[BlackElo "2359"]
[PlyCount "81"]
[EventDate "2024.07.30"]
[EventType "swiss (blitz)"]
[EventRounds "11"]
[EventCountry "USA"]
[SourceTitle "EXT 2025"]
[Source "ChessBase"]
[SourceDate "2024.10.14"]
[SourceVersion "1"]
[SourceVersionDate "2024.10.14"]
[SourceQuality "1"]

1. e4 c5 2. Nf3 d6 3. d4 cxd4 4. Nxd4 Nf6 5. Nc3 a6 6. Be3 e5 7. Nb3 Be6 8. f3 h5 9. Qd2 Nbd7 10. 0-0-0 Be7 11. Bd3 b5 12. g3 Rc8 13. Kb1 Nb6 14. Bxb6 Qxb6 15. f4 0-0 16. f5 Bc4 17. h3 a5 18. g4 b4 19. Ne2 a4 20. Nbc1 d5 21. Bxc4 dxc4 22. Ng3 c3 23. Qe2 cxb2 24. Kxb2 b3 25. cxb3 h4 26. g5 hxg3 27. gxf6 Bxf6 28. Rhg1 Rfd8 29. Rxg3 Rxd1 30. Qxd1 Qf2+ 31. Ne2 Rd8 32. Rd3 Rb8 33. Qd2 Qg2 34. Nc3 Qg1 35. Nd5 Bg5 36. Qc2 f6 37. h4 Bh6 38. h5 Kh8 39. Ne7 Kh7 40. Ng6 axb3 41. axb3 1-0

[Event "Adeje Arona op"]
[Site "Adeje"]
[Date "2024.06.28"]
[Round "8"]
[White "Gupta, Abhijeet"]
[Black "Khayrullin, Denis"]
[Result "1-0"]
[WhiteElo "2589"]
[BlackElo "2359"]
[PlyCount "141"]
[EventDate "2024.06.22"]
[EventType "swiss"]
[EventRounds "10"]
[EventCountry "ESP"]
[SourceTitle "CBM 220 Extra"]
[Source "ChessBase"]
[SourceDate "2024.07.31"]
[SourceVersion "1"]
[SourceVersionDate "2024.07.31"]
[SourceQuality "1"]

1. Nf3 d5 2. c4 e6 3. g3 Nf6 4. Bg2 d4 5. 0-0 c5 6. d3 Nc6 7. e3 h6 8. exd4 cxd4 9. Bf4 Bd6 10. Bxd6 Qxd6 11. a3 a5 12. Nbd2 0-0 13. Rc1 Qc5 14. Nb3 Qe7 15. c5 e5 16. Re1 Re8 17. Nbd2 Bd7 18. Nc4 Qxc5 19. Nfxe5 Nxe5 20. Nxe5 Qb6 21. Nxd7 Nxd7 22. Qa4 Nf6 23. b4 axb4 24. Rxe8+ Rxe8 25. Qxb4 Qa6 26. Rc4 Re2 27. Bxb7 Qe6 28. Bf3 Ra2 29. Rxd4 Qh3 30. Qc3 Qe6 31. a4 Qb6 32. Qb4 Qc7 33. Qc4 Ra1+ 34. Kg2 Qe7 35. Qb4 Qc7 36. Rc4 Qd7 37. Qb2 Re1 38. Qc3 Rb1 39. a5 Qb5 40. Rc5 Qa4 41. Qe5 Qd7 42. Qf5 Qxf5 43. Rxf5 Kf8 44. Rc5 Ra1 45. Rc8+ Ke7 46. Ra8 Nd7 47. Bc6 Ne5 48. Bb5 Rb1 49. Re8+ Kf6 50. Rb8 Nd7 51. Rb7 Nc5 52. Rb6+ Ke5 53. Kf3 Nb3 54. Bc4 Nd4+ 55. Kg2 Rxb6 56. axb6 Kd6 57. b7 Kc7 58. Bd5 f6 59. f4 Nb5 60. Kf3 Nc3 61. Bc6 f5 62. d4 Na2 63. d5 Nb4 64. Ke3 Na6 65. Kd4 Kd6 66. Kc4 Nb8 67. Kb5 Kc7 68. Ka5 Kd6 69. Kb6 g6 70. h4 g5 71. h5 1-0

[Event "Adeje Arona op"]
[Site "Adeje"]
[Date "2024.06.27"]
[Round "7"]
[White "Khayrullin, Denis"]
[Black "Pakleza, Zbigniew"]
[Result "1/2-1/2"]
[WhiteElo "2359"]
[BlackElo "2489"]
[PlyCount "38"]
[EventDate "2024.06.22"]
[EventType "swiss"]
[EventRounds "10"]
[EventCountry "ESP"]
[SourceTitle "CBM 220 Extra"]
[Source "ChessBase"]
[SourceDate "2024.07.31"]
[SourceVersion "1"]
[SourceVersionDate "2024.07.31"]
[SourceQuality "1"]

1. Nf3 d5 2. c4 d4 3. b4 f6 4. e3 e5 5. c5 a5 6. Bb5+ Nc6 7. 0-0 Nge7 8. bxa5 Qd5 9. exd4 exd4 10. d3 Bd7 11. a6 bxa6 12. Bc4 Qxc5 13. Re1 Kd8 14. Nbd2 Ng6 15. Rb1 Qa7 16. Be6 Bxe6 17. Rxe6 Bd6 18. Qa4 Kd7 19. Re1 Rab8 1/2-1/2

[Event "Dubai Police op-A"]
[Site "Dubai"]
[Date "2024.05.09"]
[Round "6"]
[White "Khayrullin, Denis"]
[Black "Krishna, C Revanth Gopala"]
[Result "0-1"]
[WhiteElo "2343"]
[BlackElo "2440"]
[PlyCount "118"]
[EventDate "2024.05.04"]
[EventType "swiss"]
[EventRounds "9"]
[EventCountry "UAE"]
[SourceTitle "CBM 220 Extra"]
[Source "ChessBase"]
[SourceDate "2024.07.31"]
[SourceVersion "1"]
[SourceVersionDate "2024.07.31"]
[SourceQuality "1"]

1. e4 e6 2. d4 d5 3. e5 c5 4. c3 Nc6 5. Nf3 Qb6 6. Bd3 Bd7 7. dxc5 Qc7 8. Qe2 Bxc5 9. 0-0 f6 10. b4 Be7 11. Bf4 f5 12. b5 Na5 13. Nbd2 Bc5 14. h4 Ne7 15. h5 0-0 16. h6 Ng6 17. Bg5 gxh6 18. Bxh6 Rf7 19. g3 Bf8 20. Bxf8 Raxf8 21. Rac1 Rg7 22. Kh2 Qd8 23. a4 Qe8 24. Ng1 b6 25. c4 dxc4 26. Nxc4 Nb3 27. Rcd1 Nc5 28. Bc2 Qe7 29. Qh5 Be8 30. Qh6 Qc7 31. Rd4 Nxe5 32. Nxe5 Qxe5 33. Qd2 Qc7 34. f4 Bh5 35. Nf3 Bxf3 36. Rxf3 Rd7 37. Rxd7 Qxd7 38. Qxd7 Nxd7 39. Re3 Nc5 40. g4 fxg4 41. Kg3 Rd8 42. Kxg4 Rd2 43. Bb3 Kf7 44. Rh3 Nxb3 45. Rxb3 Rd4 46. Ra3 Kg6 47. a5 e5 48. axb6 Rxf4+ 49. Kg3 axb6 50. Rc3 h5 51. Rc6+ Rf6 52. Kh4 Kf5 53. Rc1 e4 54. Kxh5 e3 55. Kh4 e2 56. Re1 Kf4 57. Kh3 Kf3 58. Kh2 Kf2 59. Rf1+ Kxf1 0-1

[Event "Dubai Police op-A"]
[Site "Dubai"]
[Date "2024.05.08"]
[Round "5"]
[White "Safarli, Eltaj"]
[Black "Khayrullin, Denis"]
[Result "1-0"]
[WhiteElo "2597"]
[BlackElo "2343"]
[PlyCount "81"]
[EventDate "2024.05.04"]
[EventType "swiss"]
[EventRounds "9"]
[EventCountry "UAE"]
[SourceTitle "CBM 220 Extra"]
[Source "ChessBase"]
[SourceDate "2024.07.31"]
[SourceVersion "1"]
[SourceVersionDate "2024.07.31"]
[SourceQuality "1"]

1. e4 e5 2. Nf3 Nf6 3. Nxe5 d6 4. Nf3 Nxe4 5. d4 d5 6. Bd3 Bd6 7. 0-0 0-0 8. c4 c6 9. Nc3 Nxc3 10. bxc3 dxc4 11. Bxc4 Bg4 12. h3 Bh5 13. g4 Bg6 14. Ne5 b5 15. Bb3 Nd7 16. Nxg6 hxg6 17. Qf3 Rc8 18. a4 a5 19. Kg2 Nb6 20. Be3 bxa4 21. Bxa4 Nd5 22. Bd2 Bb8 23. Bb3 g5 24. Bxd5 cxd5 25. Rfb1 f5 26. gxf5 g6 27. Qe3 Rc6 28. Qxg5 Qxg5+ 29. Bxg5 Bc7 30. fxg6 Kg7 31. h4 Kxg6 32. Rb5 Rf5 33. Rc5 Rxc5 34. dxc5 Kf7 35. f4 Ke6 36. Kf3 Kd7 37. h5 Kc6 38. h6 Rf7 39. Kg4 Kxc5 40. Rh1 Rh7 41. Kf5 1-0

[Event "Dubai Police op-A"]
[Site "Dubai"]
[Date "2024.05.05"]
[Round "2"]
[White "Sathvik, Adiga"]
[Black "Khayrullin, Denis"]
[Result "0-1"]
[WhiteElo "2398"]
[BlackElo "2343"]
[PlyCount "138"]
[EventDate "2024.05.04"]
[EventType "swiss"]
[EventRounds "9"]
[EventCountry "UAE"]
[SourceTitle "CBM 220 Extra"]
[Source "ChessBase"]
[SourceDate "2024.07.31"]
[SourceVersion "1"]
[SourceVersionDate "2024.07.31"]
[SourceQuality "1"]

1. e4 c5 2. Nf3 d6 3. d4 cxd4 4. Nxd4 Nf6 5. Nc3 a6 6. Be3 e5 7. Nb3 Be6 8. f3 h5 9. Qd2 Nbd7 10. Nd5 Bxd5 11. exd5 g6 12. 0-0-0 Nb6 13. Bg5 Be7 14. h4 Rc8 15. Kb1 Nfxd5 16. Bxe7 Kxe7 17. g3 Qc7 18. Bd3 Nf6 19. Rhe1 Kf8 20. f4 Kg7 21. f5 Rhe8 22. fxg6 fxg6 23. Rf1 e4 24. Be2 Nbd7 25. c3 d5 26. Nd4 Qe5 27. Qe3 Re7 28. g4 hxg4 29. h5 Qxh5 30. Rh1 Qe5 31. Qh6+ Kf7 32. Rdf1 Rg8 33. Bxg4 Ke8 34. Rhg1 e3 35. Qh3 Nxg4 36. Rxg4 Kd8 37. Re1 Rh8 38. Qf3 Rf8 39. Qh3 Kc7 40. Rg3 Rf4 41. Rgxe3 Re4 42. Rxe4 dxe4 43. Qg4 g5 44. Qe2 Nf6 45. Rf1 e3 46. Kc1 g4 47. Rf5 Qd6 48. Rg5 Kb8 49. Rg6 Qe5 50. a4 Ka7 51. Qg2 e2 52. Qxe2 Qxe2 53. Nxe2 Rxe2 54. Rxf6 g3 55. Kd1 Rxb2 56. Rg6 g2 57. Ke1 Rb1+ 58. Kf2 g1Q+ 59. Rxg1 Rxg1 60. Kxg1 Kb6 61. Kf2 Ka5 62. Ke3 Kxa4 63. Kd4 Kb3 64. c4 a5 65. Kc5 a4 66. Kb5 a3 67. c5 a2 68. Kb6 Kb4 69. Kxb7 Kxc5 0-1

[Event "Titled Tuesday intern op 30th Jan Early"]
[Site "Chess.com INT"]
[Date "2024.01.30"]
[Round "5"]
[White "Khayrullin, Denis"]
[Black "Antunez, Soler Luis"]
[Result "0-1"]
[WhiteElo "2331"]
[BlackElo "2200"]
[PlyCount "58"]
[EventDate "2024.01.30"]
[EventType "swiss (blitz)"]
[EventRounds "11"]
[EventCountry "USA"]
[SourceTitle "EXT 2025"]
[Source "ChessBase"]
[SourceDate "2024.10.14"]
[SourceVersion "1"]
[SourceVersionDate "2024.10.14"]
[SourceQuality "1"]

1. e4 e6 2. d4 d5 3. Nd2 Be7 4. Ngf3 Nf6 5. Bd3 c5 6. c3 cxd4 7. cxd4 dxe4 8. Nxe4 Nc6 9. 0-0 0-0 10. Bg5 Nxd4 11. Re1 Nxf3+ 12. Qxf3 Nd5 13. Bxe7 Qxe7 14. Rad1 Bd7 15. Qg3 Bc6 16. Ng5 Nf6 17. Nf3 Rfd8 18. Ne5 Be8 19. Qh4 Qc7 20. g4 h6 21. g5 hxg5 22. Qxg5 Rd5 23. Rc1 Qa5 24. Qe3 Rad8 25. Bb1 Qd2 26. Qxd2 Rxd2 27. Nc4 R2d4 28. Na5 Rg4+ 29. Kf1 Bb5+ 0-1

[Event "Titled Tuesday intern op 30th Jan Late"]
[Site "Chess.com INT"]
[Date "2024.01.30"]
[Round "3"]
[White "Khayrullin, Denis"]
[Black "Grutter, Tim"]
[Result "1-0"]
[WhiteElo "2331"]
[BlackElo "2318"]
[PlyCount "87"]
[EventDate "2024.01.30"]
[EventType "swiss (blitz)"]
[EventRounds "11"]
[EventCountry "USA"]
[SourceTitle "EXT 2025"]
[Source "ChessBase"]
[SourceDate "2024.10.14"]
[SourceVersion "1"]
[SourceVersionDate "2024.10.14"]
[SourceQuality "1"]

1. e4 c5 2. Nf3 d6 3. d4 Nf6 4. Nc3 cxd4 5. Nxd4 a6 6. f4 Nbd7 7. a4 Qc7 8. Bd3 e6 9. Qf3 Nc5 10. Be3 Bd7 11. 0-0 h5 12. Rae1 Ng4 13. f5 Nxe3 14. Rxe3 0-0-0 15. Ra1 Be7 16. b4 Nxd3 17. Rxd3 Kb8 18. fxe6 fxe6 19. Qe3 Bf6 20. b5 a5 21. Nf3 Rc8 22. e5 dxe5 23. Ne4 Rhd8 24. Rc3 Qxc3 25. Nxc3 e4 26. Nd4 Rc4 27. Nce2 Rdc8 28. Rd1 e5 29. Nb3 Bg4 30. Rd2 Bd8 31. h3 Be6 32. Kh2 Rxa4 33. Rxd8 Rxd8 34. Nc5 Rc4 35. Nxe6 Rdc8 36. Qb6 a4 37. Ng3 e3 38. Qxe3 Rc3 39. Qxe5+ Ka8 40. Ne4 Rxc2 41. Qd6 Ka7 42. N4c5 b6 43. Qd7+ Rc7 44. Qxc7+ 1-0